Statistics for Capital flags quiz

Click here to take the quiz!

General Stats

  • This quiz has been taken 7 times
  • The average score is 28 of 32

Answer Stats

Answer% Correct
Algiers
100%
Bangkok
100%
Beijing
100%
Berlin
100%
Brasilia
100%
Kabul
100%
Kyiv
100%
London
100%
Madrid
100%
Mexico City
100%
Moscow
100%
New Delhi
100%
Ottawa
100%
Paris
100%
Rome
100%
Santiago de Chile
100%
Tokyo
100%
Washington D.C.
100%
Canberra
86%
Islamabad
86%
Kuwait City
86%
Panama City
86%
San Jose
86%
Tunis
86%
Astana
71%
Guatemala City
71%
Harare
71%
San Juan
71%
Santo Domingo
71%
Djibouti City
57%
Ashgabat
43%
Buenos Aeries
0%

Score Distribution

Percentile by Number Answered

Percent of People with Each Score

Your Score History

You have not taken this quiz